History Quiz

Random History or Politics Quiz
Score 0/22 Timer 06:00
0 Plays Today
Hint Answer % Correct
In 1778, he traveled to this European countryFrance
90.7%
His firstborn son, born in 1767 (first and middle name)John Quincy
90.4%
Birth stateMassachusetts
90.2%
In 1779, he drafted the constitution for this stateMassachusetts
90.1%
Adams and 55 others signed this document in 1776Declaration of Independence
90.1%
In 1775, Adams nominated this man as commander-in-chief of colonial forcesGeorge Washington
88.8%
His V.P. was this manThomas Jefferson
87.8%
In 1789, Adams became the first person in U.S. history to hold this positionVice President
87.4%
Alma materHarvard College
86.1%
Also in 1800, Adams moved into this buildingWhite House
85%
Adams was elected president in this year1796
84.1%
Hint Answer % Correct
Adams married her in 1764Abigail Smith
81.4%
In this year, his eldest son was elected president1824
75.7%
Adams died on July 4 of this year1826
73.8%
He was a member of this partyFederalist Party
71.8%
Adams defended the British soldiers involved in this 1770 eventBoston Massacre
69.3%
Birth year1735
68.4%
Adams did not attend this March 4, 1801, eventJefferson's inauguration
62.9%
In 1800, the above answer and this man finished ahead of Adams in the Electoral CollegeAaron Burr
62.6%
1798 'affair' that strained diplomatic relations with FranceXYZ Affair
50.8%
Four laws he signed in 1798 became known by this 4-word termAlien and Sedition Acts
37.2%
In that position, he was given this 2-word nicknameHis Rotundity
13%

You're not logged in!

Compare scores with friends on all Sporcle quizzes.
OR
Log In

Sporcle TV

Today on Sporcle TV


Watch our educational content, quiz creation guides, and fun videos on Sporcle TV.

Show Comments

Extras

Top Quizzes Today


Score Distribution

Paid Content

Your Account Isn't Verified!

In order to create a playlist on Sporcle, you need to verify the email address you used during registration. Go to your Sporcle Settings to finish the process.

Report this User

Report this user for behavior that violates our Community Guidelines.

Details: